000
00297nam a22001337a 4500
008
170329b xxu||||| |||| 00| 0 eng d
020
_a
9781582553498
041
_a
eng
080
_2
4ED
_a
616-053.2
100
_a
8
101
_a
SHM
245
_a
PEDIATRIC NURSING
_c
MUSCARI.M.E
942
_2
udc
_c
BK
999
_c
8989
_d
8989